Language Quiz

Random Language or German Quiz

German: Family Quiz Stats

 Plays Quiz Updated Aug 27, 2012

Score 0/18 Timer 05:00
6 Plays Today
English German % Correct
MotherMutter
94.4%
FatherVater
92%
Brother Bruder
85%
SisterSchwester
80.9%
GrandmotherGroßmutter
78.4%
GrandfatherGroßvater
77.8%
WifeEhefrau
70.1%
AuntTante
67.8%
DaughterTochter
66.9%
English German % Correct
SonSohn
65.1%
UncleOnkel
63.5%
HusbandEhemann
61.5%
Female CousinCousine oder Kusine
57.7%
Male CousinVetter oder Cousin
56.2%
NephewNeffe
33.5%
GrandsonEnkel
28.2%
NieceNichte
27.2%
GranddaughterEnkelin
25.1%

You're not logged in!

Compare scores with friends on all Sporcle quizzes.
OR
Log In

Sporcle TV

Today on Sporcle TV


Watch our educational content, quiz creation guides, and fun videos on Sporcle TV.

Show Comments

Extras

Top Quizzes Today


Score Distribution

Your Account Isn't Verified!

In order to create a playlist on Sporcle, you need to verify the email address you used during registration. Go to your Sporcle Settings to finish the process.

Report this User

Report this user for behavior that violates our Community Guidelines.

Details: